000 02306nam a2200241Ia 4500
003 OSt
005 20210921165237.0
008 210310s1953 sp gr 000 0 spa d
040 _aCO-JMCR
_cCO-JMCR
041 1 _aspa
_heng
082 0 4 _a338.5 /
_bD247e
_223
100 1 _aDavenport, Herbert Joseph,
_eautor
_928463
245 1 3 _aLa economía de la empresa /
_cHerbert joseph Davenport ; traducción del inglés por Agustín Caballero Robredo
260 _aMadrid, España :
_bAguilar,
_c1953
300 _a449 páginas ;
_c21 cm.
500 _aIncluye índice y notas a pie de página.
505 0 _aLas condiciones fundamentales: el hombre y el medio ambiente. -- La economía de competencia: el régimen del precio. -- El régimen del precio. -- La especialización y el comercio en relación con el dinero. -- La fijación del precio. -- La oferta, determinada por el coste de producción. Utilidad. -- Demanda. Demanda con oferta. -- El significado del coste de producción. -- ¿Qué es la producción? ¿Qué cosas son productivas?. -- El proceso distributivo. Reparto de los resultados. -- Las distintas bases de los costes y de las participaciones en la distribución. -- Las rentas de los instrumentos como costes: la renta la tierra y el coste. -- Las rentas urbanas, las rentas rústicas y los costes. -- La capitalización frente al coste como determinante del precio. -- La capitalización, proceso merced al cual los ingresos futuros alcanzan un valor actual. -- La liquidación de las deudas. Pagos diferidos. -- El dinero, el crédito y sistema bancario. -- El fondo de capitales para préstamos. -- El tipo de los préstamos. -- Riesgos La capitalización y los tipos de descanto. -- Riesgo, benéfico e interés. -- La capitalización y los tipos de descuento. -- Clasificación de los factores de la producción. -- Las leyes del rendimiento. -- La distribución y la ley de las proporciones. -- Los costes en las grandes empresas. -- Uniones de empresas y monopolio. -- El dividendo social y la renta individual. -- Síntesis del análisis de la distribución.
650 1 4 _aRentas urbanas
_940687
650 2 4 _aDemanda con ofertas
_940688
650 2 4 _aDeterminante del precio
_940689
700 1 _aCaballero Robredo, Agustín,
_etraductor
_937704
942 _2ddc
_cBK
999 _c12521
_d12521